Normal view
MARC view
- Braddell, Dracy
Entry Personal Name
001 - CONTROL NUMBER
- control field: 107275
003 - CONTROL NUMBER IDENTIFIER
- control field: NUST
005 - DATE AND TIME OF LATEST TRANSACTION
- control field: 20230120170649.0
008 - FIXED-LENGTH DATA ELEMENTS
- fixed length control field: 230120|| aca||aabn | a|a d
040 ## - CATALOGING SOURCE
- Original cataloging agency: NUST
- Transcribing agency: NUST
100 ## - HEADING--PERSONAL NAME
- Personal name: Braddell, Dracy
670 ## - SOURCE DATA FOUND
- Source citation: Work cat.: (NUST)185211: Braddell, Dracy , How to look at buildings /, 1945
